<?xml version="1.0" encoding="UTF-8"?>
<marc:record xmlns:marc="http://www.loc.gov/MARC21/slim">
   <marc:leader>00000nam a2200000 a 4500</marc:leader>
   <marc:datafield ind1="1" ind2=" " tag="100">
      <marc:subfield code="a">Müller, Nicole</marc:subfield>
      <marc:subfield code="4">aut</marc:subfield>
      <marc:subfield code="e">Verfasser/-in</marc:subfield>
   </marc:datafield>
   <marc:datafield ind1="0" ind2="0" tag="245">
      <marc:subfield code="a">Geht Scheidung wieder vorbei?</marc:subfield>
   </marc:datafield>
   <marc:datafield ind1="0" ind2="0" tag="245">
      <marc:subfield code="c">Müller, Nicole</marc:subfield>
   </marc:datafield>
   <marc:datafield ind1=" " ind2="1" tag="264">
      <marc:subfield code="a">Stuttgart</marc:subfield>
      <marc:subfield code="b">Gabriel</marc:subfield>
      <marc:subfield code="c">2024</marc:subfield>
   </marc:datafield>
   <marc:datafield ind1="1" ind2=" " tag="520">
      <marc:subfield code="a">Ein Sachbilderbuch, das Kinderfragen zu Trennung und Scheidung beantwortet.  Für Kinder ab 4 Jahren&#xD;
Von der Trennungs- und Trauerbegleiterin Nicole Müller geschriebenGeschichte und echte Kinderfragen in einem Buch&#xD;
Mit Mama und Papa zusammen ist es am Allerschönsten, finden Theo und Fanny. Doch auf einmal schläft Papa im Wohnzimmer und es gibt immer wieder Streit zwischen Mama und ihm. Dann lassen sie sich sogar scheiden und Papa zieht aus. Theo und Fanny erleben schmerzhaft, was die Trennung der Eltern für sie bedeutet: Plötzlich gibt es Mama- und Papa-Tage, ein neues Kinderzimmer, Abschiede und alles fühlt sich anders an. </marc:subfield>
   </marc:datafield>
   <marc:datafield ind1=" " ind2=" " tag="020">
      <marc:subfield code="a">9783522306096</marc:subfield>
      <marc:subfield code="9">9783522306096</marc:subfield>
   </marc:datafield>
   <marc:datafield ind1=" " ind2=" " tag="020">
      <marc:subfield code="a">3522306090</marc:subfield>
      <marc:subfield code="9">3522306090</marc:subfield>
   </marc:datafield>
   <marc:datafield ind1=" " ind2=" " tag="041">
      <marc:subfield code="a">ger</marc:subfield>
   </marc:datafield>
   <marc:datafield ind1=" " ind2=" " tag="300">
      <marc:subfield code="a">32 Seiten</marc:subfield>
   </marc:datafield>
</marc:record>
